| 000 | 00589 a2200181 4500 | ||
|---|---|---|---|
| 999 |
_c6483 _d6483 |
||
| 020 | _a9781292152240 | ||
| 050 | _aHD 70 EBE 2017 | ||
| 100 |
_aEbert, Ronald J. _eauthor |
||
| 245 |
_aBusiness essentials / _c Ronald J. Ebert and Ricky W. Griffin |
||
| 250 | _a11th ed. | ||
| 264 |
_aEngland : _bPearson, _c2017 |
||
| 300 |
_a692p.: _bill.(col.) |
||
| 500 | _aIncludes bibliographical references and index | ||
| 650 |
_aIndustrial management _xUnited States |
||
| 650 | _aBusiness enterprise and mangagement | ||
| 700 |
_aGriffin, Ricky _eauthor |
||
| 942 |
_2lcc _cBK _e11th ed. _h70 _iEBE _kHD |
||